000 00759nam a2200289Ia 4500
001 13311
003 IT-RoPAU
008 130308s9999 xx 000 0 und d
040 _aIT-RoPAU
040 _cIT-RoPAU
041 _aITALIANO
100 _aMalipiero Gian Francesco
100 _gCodice Aut. SPICS: 4296
245 _aDel contrappunto e della composizione
245 _bRassegna Musicale (La)-Antologia
250 _a1a ed.
260 _aMILANO
260 _bFeltrinelli
260 _c1966 [1° Ed.:1966 - Ed.Ling.Originale:1942]
300 _a"8 p. (prefazione: no ; testo: 8 [pagine: 447-454])"
650 _aSAGGI MUSICALI
650 _eCodice materia Spics: 7011
942 _cBK
957 _71
999 _c59827
_d59827
999 _bSI
999 _g1